¿Democracia o representación? Poder y legitimidad en Rousseau.

Gespeichert in:
Bibliographische Detailangaben
1. Verfasser: Rubio Carracedo, José (autor)
Weitere Verfasser: Muguerza, Javier (prólogo)
Format: Buch
Veröffentlicht: Madrid, España: Centro de Estudios Constitucionales, 1990.
Schriftenreihe:El Derecho y la Justicia,
Schlagworte:
Tags: Tag hinzufügen
Keine Tags, Fügen Sie den ersten Tag hinzu!

MARC

LEADER 00000nam a22000007a 4500
003 CL-VaPUC
005 20220822114532.0
008 220630t1990 ||||| |||| 00| 0 eng d
999 |c 436557  |d 436555 
020 |a 84-259-0857-4 
040 |c Pontificia Universidad Católica de Valparaíso 
082 7 |a 321.8 RUB 1990  |2 22 
100 1 |a Rubio Carracedo, José   |e autor  |9 871882 
245 |a ¿Democracia o representación? Poder y legitimidad en Rousseau. 
260 |a Madrid, España:  |b Centro de Estudios Constitucionales,   |c 1990. 
300 |a 267 páginas. 
490 |a El Derecho y la Justicia,   |n  19. 
500 |a c.1 Donación Familia Prof. Alejandro Guzmán Brito. 
583 |c 20220630  |k Catalogador Asistente 
600 0 |a Rousseau, Jean Jacques,   |9 870355  |d 1712-1778  |x  Pensamiento Político y Social. 
650 |a Democracia   |x Historia   |9 870977 
650 |a Legitimidad de los gobiernos  |9 320628 
700 |a Muguerza, Javier   |e prólogo  |9 871883 
942 |2 ddc  |c BK  |n 0 
952 |0 0  |1 0  |2 ddc  |4 0  |6 321_800000000000000_RUB_1990  |7 0  |8 C_AGB  |9 584234  |a BIBDER  |b BIBDER  |d 2022-06-30  |e Donación  |i 5652385  |o 321.8 RUB 1990  |p 5652385  |r 2023-01-25  |t 1  |w 2022-06-30  |y BK_US  |k AGB